000
00215nam a2200097Ia 4500
008
190216s9999||||xx |||||||||||||| ||und||
100
_a
Govinda Menon
245
0
_a
Adangal
260
_b
Kerala Basha Inst
942
_c
BK
999
_c
39244
_d
39244